|
|
|
|
| LEADER |
00000nam a22000007ic4500 |
| 001 |
IT\ICCU\CAG\0063531 |
| 003 |
ItRI |
| 005 |
20250820152010.0 |
| 008 |
990701s1976 it |||||| ||||| |||||c |
| 020 |
|
|
|a 8804304529
|
| 040 |
|
|
|b ita
|c ct
|
| 041 |
|
7 |
|a ita
|2 ISO-639-2
|
| 245 |
0 |
0 |
|a Lo scialo.
|c Vasco Pratolini.
|
| 260 |
|
|
|a [Milano] :
|b A. Mondadori,
|c 1976
|
| 300 |
|
|
|a P. 329-737 ;
|c 19 cm.
|
| 773 |
0 |
|
|w IT\ICCU\SBL\0019656
|t Lo scialo
|g 2
|a Pratolini, Vasco
|0 IT\ICCU\CFIV\041377
|
| 942 |
|
|
|2 ddc
|c BK
|
| 952 |
|
|
|0 0
|1 0
|2 ddc
|4 0
|6 B_LNR02PRAVASCI11
|7 0
|9 4811
|a MI
|b MI
|d 2005-05-11
|i 273
|l 0
|o B-LNR02-PRAVA-SCI11
|p CDOM273
|r 2025-07-07 11:14:17
|w 2025-07-07
|x ACQUISTO
|y BK
|
| 981 |
|
1 |
|6 z01
|a i
|b xxxe
|
| 982 |
|
1 |
|6 z01
|a n
|
| 999 |
|
|
|c 3783
|d 3783
|